Panic! At the disco: vices and virtues quiz - Statistics

General Stats
  • This quiz has been taken 301 times
  • The average score is 11 of 14
Answer Stats
Answer % Correct
The ballad of Mona Lisa
93%
Sarah smiles
91%
Hurricane
90%
Nearly witches
88%
Let's kill tonight
87%
Memories
85%
Always
83%
Ready to go
83%
The calendar
82%
Trade mistakes
80%
Oh glory
69%
Stall me
62%
Turn off the lights
56%
I wanna be free
45%
No matching quizzes found
Score Distribution
Percent of People with Each Score
Percentile by Number Answered
Your Score History
You have not taken this quiz